Canciones y poemas, Vól 15 /

Guardado en:
Autor Principal: Bravo, Mario.
Formato: Libro
Idioma:Undetermined
Publicado: [S.l.] : Editorial Claridad, 1924.
Materias:
Etiquetas: Agregar Etiqueta
Sin Etiquetas, Sea el primero en etiquetar este registro!
LEADER 00477nam a22001575a 4500
001 EHU.bham048349
005 20110923181003.0
008 110923s1924####xx############000#0#und#d
100 1 |a Bravo, Mario. 
245 0 0 |a Canciones y poemas, Vól 15 /  |c Mario Bravo. 
260 |a [S.l.] :  |b Editorial Claridad,  |c 1924. 
300 |a 96 p. 
653 |a Literatura. 
653 |a Escritores argentinos. 
653 |a Poesía. 
859 |a AR-BHAM  |b BIB. HUMANIDADES - Donacion Lejarraga  |h MFN002568  |p 002568.19